| 000 | 00686nam a2200217Ia 4500 | ||
|---|---|---|---|
| 003 | OSt | ||
| 005 | 20230410143833.0 | ||
| 008 | 210423s2018 xx 000 0 und d | ||
| 020 | _a978-93-525-3519-4 | ||
| 040 | _cAL | ||
| 041 | _aeng | ||
| 082 |
_a540 _223 _bMADC |
||
| 100 |
_aMADAN (R L) _985416 |
||
| 245 | _aChemistry for degree students: inorganic chemistry organic chemistry laboratory work B Sc semester IV | ||
| 260 |
_aNew Delhi _bS Chand & Company Ltd _c2018 |
||
| 300 |
_axiv,496 _bPB |
||
| 365 |
_b299 _cINR |
||
| 650 |
_aChemistry _985417 |
||
| 906 | _aB ; Chemistry ; degree ; inorganic ; laboratory ; organic ; Sc ; semester ; students: ; work | ||
| 942 |
_2ddc _cBK |
||
| 999 |
_c169524 _d169524 |
||